[Event "2024 US National High School (K-12) Championship"]
[Site "Baltimore, Maryland, United States"]
[Date "2024.04.06"]
[Round "4.16"]
[White "Bensky, Zachary"]
[Black "Slate, Kent"]
[Result "0-1"]
[TimeControl "G/90; d10"]
[WhiteFideId "39904903"]
[BlackFideId "30961564"]
[WhiteElo "1916"]
[BlackElo "2240"]

1. e4 {[%clk 01:30:00]} {[%emt 00:00:06]} c5 {[%clk 01:23:23]} {[%emt
00:06:49]} 2. Nf3 {[%clk 01:29:59]} {[%emt 00:00:11]} Nc6 {[%clk 01:23:18]}
{[%emt 00:00:16]} 3. d4 {[%clk 01:29:59]} {[%emt 00:00:08]} cxd4 {[%clk
01:23:18]} {[%emt 00:00:02]} 4. Nxd4 {[%clk 01:29:59]} {[%emt 00:00:08]} Nf6
{[%clk 01:23:18]} {[%emt 00:00:03]} 5. Nc3 {[%clk 01:29:59]} {[%emt 00:00:08]}
e5 {[%clk 01:23:18]} {[%emt 00:00:03]} 6. Ndb5 {[%clk 01:29:58]} {[%emt
00:00:10]} d6 {[%clk 01:23:17]} {[%emt 00:00:11]} 7. Bg5 {[%clk 01:29:46]}
{[%emt 00:00:22]} a6 {[%clk 01:23:17]} {[%emt 00:00:04]} 8. Na3 {[%clk
01:29:46]} {[%emt 00:00:06]} b5 {[%clk 01:23:17]} {[%emt 00:00:04]} 9. Nd5
{[%clk 01:29:46]} {[%emt 00:00:05]} Be7 {[%clk 01:23:17]} {[%emt 00:00:08]} 10.
Bxf6 {[%clk 01:29:46]} {[%emt 00:00:08]} Bxf6 {[%clk 01:23:17]} {[%emt
00:00:04]} 11. c3 {[%clk 01:29:40]} {[%emt 00:00:16]} Ne7 {[%clk 01:23:15]}
{[%emt 00:00:12]} 12. Nxf6+ {[%clk 01:29:40]} {[%emt 00:00:09]} gxf6 {[%clk
01:23:15]} {[%emt 00:00:04]} 13. Bd3 {[%clk 01:22:25]} {[%emt 00:07:24]} Bb7
{[%clk 01:22:27]} {[%emt 00:00:58]} 14. Nc2 {[%clk 01:19:18]} {[%emt 00:03:18]}
d5 {[%clk 01:21:21]} {[%emt 00:01:16]} 15. exd5 {[%clk 01:18:06]} {[%emt
00:01:22]} Qxd5 {[%clk 01:21:16]} {[%emt 00:00:14]} 16. Ne3 {[%clk 01:17:51]}
{[%emt 00:00:25]} Qe6 {[%clk 01:20:30]} {[%emt 00:00:56]} 17. a4 {[%clk
01:14:12]} {[%emt 00:03:49]} Rd8 {[%clk 01:16:46]} {[%emt 00:03:54]} 18. Qc2
{[%clk 01:13:42]} {[%emt 00:00:39]} e4 {[%clk 01:14:57]} {[%emt 00:01:59]} 19.
Be2 {[%clk 01:13:41]} {[%emt 00:00:10]} O-O {[%clk 01:12:48]} {[%emt 00:02:19]}
20. axb5 {[%clk 01:05:29]} {[%emt 00:08:22]} axb5 {[%clk 01:11:46]} {[%emt
00:01:12]} 21. Bxb5 {[%clk 01:04:43]} {[%emt 00:00:56]} f5 {[%clk 01:10:37]}
{[%emt 00:01:19]} 22. Bc4 {[%clk 01:02:56]} {[%emt 00:01:57]} Qf6 {[%clk
01:01:28]} {[%emt 00:09:18]} 23. h4 {[%clk 00:51:17]} {[%emt 00:11:50]} f4
{[%clk 00:47:04]} {[%emt 00:14:35]} 24. Ng4 {[%clk 00:46:19]} {[%emt 00:05:07]}
Qg7 {[%clk 00:46:01]} {[%emt 00:01:13]} 25. Ra5 {[%clk 00:34:31]} {[%emt
00:11:58]} Bd5 {[%clk 00:36:57]} {[%emt 00:09:14]} 26. Bxd5 {[%clk 00:22:15]}
{[%emt 00:12:26]} Nxd5 {[%clk 00:36:48]} {[%emt 00:00:19]} 27. Qd2 {[%clk
00:21:21]} {[%emt 00:01:04]} Ne3 {[%clk 00:24:32]} {[%emt 00:12:24]} 28. Qc1
{[%clk 00:19:25]} {[%emt 00:02:07]} Nxg2+ {[%clk 00:22:02]} {[%emt 00:02:41]}
29. Kf1 {[%clk 00:19:17]} {[%emt 00:00:17]} f5 {[%clk 00:21:52]} {[%emt
00:00:20]} 30. Rg1 {[%clk 00:15:32]} {[%emt 00:03:55]} f3 {[%clk 00:20:57]}
{[%emt 00:01:05]} 31. Ne3 {[%clk 00:15:19]} {[%emt 00:00:23]} Kh8 {[%clk
00:11:29]} {[%emt 00:09:38]} 32. Nxg2 {[%clk 00:12:14]} {[%emt 00:03:16]} Rg8
{[%clk 00:11:05]} {[%emt 00:00:34]} 33. Ra4 {[%clk 00:06:59]} {[%emt 00:05:24]}
fxg2+ {[%clk 00:06:21]} {[%emt 00:04:54]} 34. Ke1 {[%clk 00:06:50]} {[%emt
00:00:19]} Rd3 {[%clk 00:04:12]} {[%emt 00:02:19]} 35. Qg5 {[%clk 00:05:14]}
{[%emt 00:01:45]} Qe5 {[%clk 00:03:47]} {[%emt 00:00:36]} 36. Ra5 {[%clk
00:04:54]} {[%emt 00:00:30]} Qd6 {[%clk 00:03:42]} {[%emt 00:00:14]} 37. Qc1
{[%clk 00:03:51]} {[%emt 00:01:15]} Rd8 {[%clk 00:02:50]} {[%emt 00:01:02]} 38.
Ra1 {[%clk 00:02:23]} {[%emt 00:01:38]} Qh2 {[%clk 00:02:50]} {[%emt 00:00:06]}
39. Ke2 {[%clk 00:02:04]} {[%emt 00:00:28]} f4 {[%clk 00:02:50]} {[%emt
00:00:04]} 40. Qe1 {[%clk 00:00:14]} {[%emt 00:02:00]} f3# {[%clk 00:02:50]}
{[%emt 00:00:08]} 0-1

[Event "2024 US National High School (K-12) Championship"]
[Site "Baltimore, Maryland, United States"]
[Date "2024.04.06"]
[Round "4.18"]
[White "Karthikeyan, Arnav"]
[Black "Hernandez, Ronald"]
[Result "1/2-1/2"]
[TimeControl "G/90; d10"]
[WhiteFideId "30981000"]
[BlackFideId "3524310"]
[WhiteElo "1771"]
[BlackElo "2220"]

1. e4 {[%clk 01:30:00]} c5 {[%clk 01:30:00]} {[%emt 00:00:10]} 2. Nf3 {[%clk
01:30:00]} {[%emt 00:00:03]} e6 {[%clk 01:30:00]} {[%emt 00:00:08]} 3. d4
{[%clk 01:30:00]} {[%emt 00:00:02]} cxd4 {[%clk 01:29:58]} {[%emt 00:00:13]} 4.
Nxd4 {[%clk 01:30:00]} {[%emt 00:00:03]} a6 {[%clk 01:29:58]} {[%emt 00:00:05]}
5. c4 {[%clk 01:30:00]} {[%emt 00:00:04]} Nf6 {[%clk 01:29:50]} {[%emt
00:00:18]} 6. Nc3 {[%clk 01:30:00]} {[%emt 00:00:04]} Qc7 {[%clk 01:29:15]}
{[%emt 00:00:45]} 7. a3 {[%clk 01:29:13]} {[%emt 00:00:58]} d6 {[%clk
01:28:17]} {[%emt 00:01:08]} 8. Be3 {[%clk 01:28:56]} {[%emt 00:00:26]} Nbd7
{[%clk 01:27:59]} {[%emt 00:00:29]} 9. f3 {[%clk 01:28:35]} {[%emt 00:00:31]}
Be7 {[%clk 01:27:40]} {[%emt 00:00:29]} 10. Be2 {[%clk 01:28:24]} {[%emt
00:00:21]} b6 {[%clk 01:26:53]} {[%emt 00:00:58]} 11. O-O {[%clk 01:28:14]}
{[%emt 00:00:20]} Bb7 {[%clk 01:26:47]} {[%emt 00:00:15]} 12. Qe1 {[%clk
01:27:56]} {[%emt 00:00:28]} O-O {[%clk 01:24:57]} {[%emt 00:02:00]} 13. g4
{[%clk 01:27:45]} {[%emt 00:00:21]} h6 {[%clk 01:10:51]} {[%emt 00:14:16]} 14.
Qf2 {[%clk 01:26:25]} {[%emt 00:01:29]} Rac8 {[%clk 01:06:30]} {[%emt
00:04:32]} 15. Rac1 {[%clk 01:24:52]} {[%emt 00:01:43]} Qb8 {[%clk 01:05:32]}
{[%emt 00:01:09]} 16. b4 {[%clk 01:24:20]} {[%emt 00:00:43]} Rfd8 {[%clk
01:01:40]} {[%emt 00:04:01]} 17. h4 {[%clk 01:21:09]} {[%emt 00:03:20]} Ne5
{[%clk 00:56:50]} {[%emt 00:05:01]} 18. Nb3 {[%clk 01:04:34]} {[%emt 00:16:46]}
Nxc4 {[%clk 00:52:03]} {[%emt 00:04:57]} 19. Bxc4 {[%clk 01:04:17]} {[%emt
00:00:27]} Rxc4 {[%clk 00:52:03]} {[%emt 00:00:08]} 20. Bxb6 {[%clk 01:03:25]}
{[%emt 00:01:02]} Rdc8 {[%clk 00:50:11]} {[%emt 00:02:02]} 21. Na2 {[%clk
00:52:52]} {[%emt 00:10:42]} Rxc1 {[%clk 00:39:24]} {[%emt 00:10:58]} 22. Naxc1
{[%clk 00:46:10]} {[%emt 00:06:51]} d5 {[%clk 00:38:04]} {[%emt 00:01:31]} 23.
Ba7 {[%clk 00:44:33]} {[%emt 00:01:47]} Qc7 {[%clk 00:36:38]} {[%emt 00:01:35]}
24. Bb6 {[%clk 00:43:53]} {[%emt 00:00:50]} Qc2 {[%clk 00:36:01]} {[%emt
00:00:47]} 25. Bc5 {[%clk 00:40:25]} {[%emt 00:03:38]} Qxf2+ {[%clk 00:34:41]}
{[%emt 00:01:31]} 26. Kxf2 {[%clk 00:39:27]} {[%emt 00:01:07]} Bd8 {[%clk
00:34:01]} {[%emt 00:00:50]} 27. exd5 {[%clk 00:35:16]} {[%emt 00:04:21]} Nxd5
{[%clk 00:33:52]} {[%emt 00:00:20]} 28. Kg3 {[%clk 00:32:53]} {[%emt 00:02:33]}
Bc7+ {[%clk 00:30:21]} {[%emt 00:03:41]} 29. Kf2 {[%clk 00:28:27]} {[%emt
00:04:36]} h5 {[%clk 00:29:59]} {[%emt 00:00:32]} 30. Nd2 {[%clk 00:21:44]}
{[%emt 00:06:53]} Rd8 {[%clk 00:25:04]} {[%emt 00:05:04]} 31. Ncb3 {[%clk
00:17:07]} {[%emt 00:04:46]} Nf4 {[%clk 00:21:00]} {[%emt 00:04:14]} 32. Be3
{[%clk 00:14:47]} {[%emt 00:02:30]} hxg4 {[%clk 00:15:26]} {[%emt 00:05:44]} 33.
fxg4 {[%clk 00:14:12]} {[%emt 00:00:45]} e5 {[%clk 00:13:56]} {[%emt 00:01:41]}
34. Nc5 {[%clk 00:13:33]} {[%emt 00:00:48]} Bc8 {[%clk 00:13:28]} {[%emt
00:00:39]} 35. Kf3 {[%clk 00:12:18]} {[%emt 00:01:25]} Nd5 {[%clk 00:11:36]}
{[%emt 00:02:02]} 36. Bg1 {[%clk 00:11:04]} {[%emt 00:01:23]} Nf6 {[%clk
00:11:04]} {[%emt 00:00:42]} 37. g5 {[%clk 00:09:34]} {[%emt 00:01:40]} Rxd2
{[%clk 00:10:50]} {[%emt 00:00:25]} 38. gxf6 {[%clk 00:09:34]} {[%emt
00:00:08]} gxf6 {[%clk 00:10:39]} {[%emt 00:00:21]} 39. Be3 {[%clk 00:09:20]}
{[%emt 00:00:23]} Rh2 {[%clk 00:10:00]} {[%emt 00:00:50]} 40. Rg1+ {[%clk
00:09:20]} {[%emt 00:00:01]} Kf8 {[%clk 00:09:30]} {[%emt 00:00:39]} 41. Bh6+
{[%clk 00:09:20]} {[%emt 00:00:01]} Ke7 {[%clk 00:08:40]} {[%emt 00:01:01]} 42.
Rg8 {[%clk 00:09:12]} {[%emt 00:00:18]} e4+ {[%clk 00:06:34]} {[%emt 00:02:17]}
43. Kxe4 {[%clk 00:08:23]} {[%emt 00:00:58]} Rxh4+ {[%clk 00:05:33]} {[%emt
00:01:11]} 44. Kd5 {[%clk 00:06:35]} {[%emt 00:01:59]} Be6+ {[%clk 00:05:16]}
{[%emt 00:00:27]} 45. Kc6 {[%clk 00:06:18]} {[%emt 00:00:27]} Rxh6 {[%clk
00:05:11]} {[%emt 00:00:16]} 46. Nxe6 {[%emt 00:01:53]} Kxe6 {[%clk 00:04:27]}
{[%emt 00:00:49]} 47. Re8 {[%clk 00:04:39]} {[%emt 00:00:06]} Kf5 {[%clk
00:04:24]} {[%emt 00:00:13]} 48. Kxc7 {[%clk 00:04:39]} {[%emt 00:00:10]} Rh3
{[%clk 00:03:49]} {[%emt 00:00:45]} 49. a4 {[%clk 00:04:35]} {[%emt 00:00:15]}
Rb3 {[%clk 00:03:47]} {[%emt 00:00:11]} 50. Rb8 {[%clk 00:04:21]} {[%emt
00:00:25]} Ke4 {[%clk 00:03:46]} {[%emt 00:00:10]} 51. b5 {[%clk 00:03:41]}
{[%emt 00:00:50]} axb5 {[%clk 00:03:46]} {[%emt 00:00:06]} 52. axb5 {[%clk
00:03:41]} {[%emt 00:00:08]} f5 {[%clk 00:02:59]} {[%emt 00:00:57]} 53. Re8+
{[%clk 00:03:41]} {[%emt 00:00:10]} Kd3 {[%clk 00:02:46]} {[%emt 00:00:23]} 54.
b6 {[%clk 00:03:37]} {[%emt 00:00:14]} f4 {[%clk 00:02:44]} {[%emt 00:00:11]}
55. Re7 {[%emt 00:01:10]} 1/2-1/2

[Event "2024 US National High School (K-12) Championship"]
[Site "Baltimore, Maryland, United States"]
[Date "2024.04.06"]
[Round "4.19"]
[White "Prem, Pranav S"]
[Black "Wright, James Douglas"]
[Result "0-1"]
[TimeControl "G/90; d10"]
[WhiteFideId "30901057"]
[BlackFideId "39911675"]
[WhiteElo "2201"]
[BlackElo "1991"]

1. d4 {[%clk 01:30:00]} {[%emt 00:00:01]} Nf6 {[%clk 01:29:34]} {[%emt
00:00:36]} 2. c4 {[%clk 01:30:00]} {[%emt 00:00:11]} b6 {[%clk 01:29:34]}
{[%emt 00:00:07]} 3. Nf3 {[%clk 01:28:57]} {[%emt 00:01:12]} Bb7 {[%clk
01:29:24]} {[%emt 00:00:21]} 4. g3 {[%clk 01:25:32]} {[%emt 00:03:35]} e6
{[%clk 01:28:55]} {[%emt 00:00:39]} 5. Bg2 {[%clk 01:25:32]} {[%emt 00:00:09]}
Be7 {[%clk 01:28:50]} {[%emt 00:00:15]} 6. O-O {[%clk 01:25:32]} {[%emt
00:00:09]} O-O {[%clk 01:28:50]} {[%emt 00:00:05]} 7. d5 {[%clk 01:24:25]}
{[%emt 00:01:16]} exd5 {[%clk 01:25:12]} {[%emt 00:03:49]} 8. Nh4 {[%clk
01:24:21]} {[%emt 00:00:13]} c6 {[%clk 01:23:53]} {[%emt 00:01:30]} 9. cxd5
{[%clk 01:21:22]} {[%emt 00:03:09]} Nxd5 {[%clk 01:22:15]} {[%emt 00:01:48]} 10.
Nf5 {[%clk 01:21:07]} {[%emt 00:00:25]} Nc7 {[%clk 01:21:49]} {[%emt 00:00:36]}
11. e4 {[%clk 01:20:14]} {[%emt 00:01:03]} d5 {[%clk 01:21:43]} {[%emt
00:00:16]} 12. Re1 {[%clk 01:19:14]} {[%emt 00:01:09]} Bf6 {[%clk 01:13:45]}
{[%emt 00:08:10]} 13. e5 {[%clk 01:05:38]} {[%emt 00:13:45]} Be7 {[%clk
01:13:28]} {[%emt 00:00:27]} 14. Qg4 {[%clk 00:58:13]} {[%emt 00:07:34]} g6
{[%clk 01:12:56]} {[%emt 00:00:41]} 15. Nxe7+ {[%clk 00:53:15]} {[%emt
00:05:10]} Qxe7 {[%clk 01:12:56]} {[%emt 00:00:03]} 16. Bg5 {[%clk 00:53:14]}
{[%emt 00:00:10]} f6 {[%clk 01:00:19]} {[%emt 00:12:48]} 17. Bf4 {[%clk
00:42:20]} {[%emt 00:11:04]} f5 {[%clk 00:59:23]} {[%emt 00:01:06]} 18. Qd1
{[%clk 00:40:08]} {[%emt 00:02:20]} Ne6 {[%clk 00:58:41]} {[%emt 00:00:53]} 19.
Bd2 {[%clk 00:23:35]} {[%emt 00:16:42]} Nd7 {[%clk 00:57:43]} {[%emt 00:01:09]}
20. b4 {[%clk 00:21:20]} {[%emt 00:02:25]} Rfd8 {[%clk 00:49:43]} {[%emt
00:08:10]} 21. Qb3 {[%clk 00:14:26]} {[%emt 00:07:04]} Ndf8 {[%clk 00:48:38]}
{[%emt 00:01:15]} 22. Na3 {[%clk 00:13:04]} {[%emt 00:01:32]} Rab8 {[%clk
00:38:26]} {[%emt 00:10:22]} 23. Rad1 {[%clk 00:10:13]} {[%emt 00:03:01]} Ba8
{[%clk 00:25:46]} {[%emt 00:12:50]} 24. Be3 {[%clk 00:09:18]} {[%emt 00:01:05]}
Kg7 {[%clk 00:25:30]} {[%emt 00:00:26]} 25. Nc2 {[%clk 00:08:44]} {[%emt
00:00:44]} Rd7 {[%clk 00:23:05]} {[%emt 00:02:35]} 26. Rd2 {[%clk 00:07:03]}
{[%emt 00:01:51]} Rbd8 {[%clk 00:22:56]} {[%emt 00:00:19]} 27. Red1 {[%clk
00:07:03]} {[%emt 00:00:05]} Nc7 {[%clk 00:20:46]} {[%emt 00:02:21]} 28. h4
{[%clk 00:05:27]} {[%emt 00:01:46]} Nfe6 {[%clk 00:20:46]} {[%emt 00:00:09]} 29.
Nd4 {[%clk 00:03:54]} {[%emt 00:01:44]} Nxd4 {[%clk 00:18:13]} {[%emt
00:02:43]} 30. Rxd4 {[%clk 00:03:16]} {[%emt 00:00:48]} Ne6 {[%emt 00:00:59]}
31. R4d3 {[%clk 00:01:58]} {[%emt 00:01:24]} d4 {[%clk 00:16:21]} {[%emt
00:01:17]} 32. Bc1 {[%clk 00:01:57]} {[%emt 00:00:10]} c5 {[%clk 00:15:57]}
{[%emt 00:00:34]} 33. Bxa8 {[%clk 00:01:57]} {[%emt 00:00:07]} Rxa8 {[%clk
00:15:57]} {[%emt 00:00:03]} 34. Ba3 {[%clk 00:01:07]} {[%emt 00:01:00]} Rc8
{[%clk 00:15:49]} {[%emt 00:00:17]} 35. Rc1 {[%clk 00:01:07]} {[%emt 00:00:07]}
Rdc7 {[%clk 00:15:34]} {[%emt 00:00:26]} 36. bxc5 {[%clk 00:00:30]} {[%emt
00:00:47]} bxc5 {[%clk 00:15:21]} {[%emt 00:00:22]} 37. Qc4 {[%clk 00:00:30]}
{[%emt 00:00:05]} Qd7 {[%clk 00:14:24]} {[%emt 00:01:08]} 38. Rb1 {[%clk
00:00:30]} {[%emt 00:00:09]} Rd8 {[%clk 00:13:46]} {[%emt 00:00:47]} 39. Rb5
{[%clk 00:00:23]} {[%emt 00:00:17]} Qd5 {[%clk 00:12:13]} {[%emt 00:01:43]} 40.
Qxd5 {[%clk 00:00:06]} {[%emt 00:00:27]} Rxd5 {[%clk 00:12:13]} {[%emt
00:00:03]} 41. f4 {[%clk 00:00:06]} {[%emt 00:00:09]} Rdd7 {[%clk 00:11:49]}
{[%emt 00:00:35]} 42. Rd1 {[%clk 00:00:04]} {[%emt 00:00:12]} c4 {[%clk
00:08:32]} {[%emt 00:03:28]} 43. Bd6 {[%clk 00:00:04]} {[%emt 00:00:02]} Rb7
{[%clk 00:08:25]} {[%emt 00:00:18]} 44. Rd5 {[%clk 00:00:04]} {[%emt 00:00:09]}
c3 {[%clk 00:07:25]} {[%emt 00:01:11]} 45. Rc1 {[%clk 00:00:04]} {[%emt
00:00:01]} Rb2 {[%clk 00:06:51]} {[%emt 00:00:44]} 46. a3 {[%clk 00:00:04]}
{[%emt 00:00:04]} Rd2 {[%clk 00:06:32]} {[%emt 00:00:27]} 47. Kf1 {[%clk
00:00:04]} {[%emt 00:00:09]} Kf7 {[%clk 00:03:53]} {[%emt 00:02:50]} 48. Rb5
{[%clk 00:00:04]} {[%emt 00:00:05]} h6 {[%clk 00:03:31]} {[%emt 00:00:32]} 49.
Rd5 {[%clk 00:00:03]} {[%emt 00:00:11]} g5 {[%clk 00:03:13]} {[%emt 00:00:28]}
50. hxg5 {[%clk 00:00:03]} {[%emt 00:00:07]} hxg5 {[%clk 00:03:13]} {[%emt
00:00:02]} 51. fxg5 {[%clk 00:00:03]} {[%emt 00:00:09]} Nxg5 {[%clk 00:03:13]}
{[%emt 00:00:02]} 52. Rb5 {[%clk 00:00:03]} {[%emt 00:00:07]} Ne4 {[%clk
00:03:06]} {[%emt 00:00:17]} 53. Ke1 {[%clk 00:00:03]} {[%emt 00:00:07]} Rh2
{[%clk 00:02:57]} {[%emt 00:00:20]} 54. Kd1 {[%clk 00:00:02]} {[%emt 00:00:11]}
d3 {[%clk 00:02:46]} 0-1

[Event "2024 US National High School (K-12) Championship"]
[Site "Baltimore, Maryland, United States"]
[Date "2024.04.06"]
[Round "4.20"]
[White "Deligiannis, Dimitrios M"]
[Black "Safranek, William"]
[Result "1-0"]
[TimeControl "G/90; d10"]
[WhiteFideId "30955769"]
[BlackFideId "30919908"]
[WhiteElo "1746"]
[BlackElo "2188"]

1. d4 {[%clk 01:30:00]} d5 {[%clk 01:30:00]} {[%emt 00:00:03]} 2. c4 {[%clk
01:30:00]} {[%emt 00:00:05]} e6 {[%clk 01:30:00]} {[%emt 00:00:03]} 3. Nc3
{[%clk 01:30:00]} {[%emt 00:00:05]} c5 {[%clk 01:30:00]} {[%emt 00:00:02]} 4.
cxd5 {[%clk 01:30:00]} {[%emt 00:00:06]} cxd4 {[%clk 01:30:00]} {[%emt
00:00:04]} 5. Qa4+ {[%clk 01:29:57]} {[%emt 00:00:13]} Bd7 {[%clk 01:30:00]}
{[%emt 00:00:04]} 6. Qxd4 {[%clk 01:29:57]} {[%emt 00:00:06]} exd5 {[%clk
01:30:00]} {[%emt 00:00:03]} 7. Qxd5 {[%clk 01:29:43]} {[%emt 00:00:23]} Nf6
{[%clk 01:30:00]} {[%emt 00:00:05]} 8. Qb3 {[%clk 01:29:43]} {[%emt 00:00:07]}
Na6 {[%clk 01:30:00]} {[%emt 00:00:05]} 9. Nf3 {[%clk 01:28:10]} {[%emt
00:01:42]} Nc5 {[%clk 01:30:00]} {[%emt 00:00:05]} 10. Qc2 {[%clk 01:28:10]}
{[%emt 00:00:09]} Rc8 {[%clk 01:30:00]} {[%emt 00:00:04]} 11. Bg5 {[%clk
01:19:30]} {[%emt 00:08:51]} h6 {[%clk 01:15:05]} {[%emt 00:15:06]} 12. Bh4
{[%clk 01:11:52]} {[%emt 00:07:47]} g5 {[%clk 01:14:36]} {[%emt 00:00:39]} 13.
Bg3 {[%clk 01:11:22]} {[%emt 00:00:40]} Bg7 {[%clk 01:14:36]} {[%emt 00:00:06]}
14. e3 {[%clk 01:09:09]} {[%emt 00:02:23]} Nce4 {[%clk 01:13:46]} {[%emt
00:01:00]} 15. Be2 {[%clk 01:01:35]} {[%emt 00:07:44]} Nxc3 {[%clk 01:09:57]}
{[%emt 00:03:59]} 16. bxc3 {[%clk 01:01:34]} {[%emt 00:00:10]} Nd5 {[%clk
01:09:53]} {[%emt 00:00:16]} 17. O-O {[%clk 00:47:11]} {[%emt 00:14:32]} Nxc3
{[%clk 01:08:50]} {[%emt 00:01:14]} 18. Be5 {[%clk 00:46:55]} {[%emt 00:00:25]}
Bxe5 {[%clk 01:05:03]} {[%emt 00:03:58]} 19. Nxe5 {[%clk 00:45:46]} {[%emt
00:01:18]} Ba4 {[%clk 01:04:12]} {[%emt 00:01:01]} 20. Qb2 {[%clk 00:42:51]}
{[%emt 00:03:04]} Qb6 {[%clk 01:03:30]} {[%emt 00:00:54]} 21. Qd2 {[%clk
00:40:14]} {[%emt 00:02:46]} Nxe2+ {[%clk 00:59:39]} {[%emt 00:04:01]} 22. Qxe2
{[%clk 00:39:21]} {[%emt 00:01:04]} Bb5 {[%clk 00:59:39]} {[%emt 00:00:03]} 23.
Qg4 {[%clk 00:35:26]} {[%emt 00:04:04]} Qc7 {[%clk 00:53:18]} {[%emt 00:06:32]}
24. Nxf7 {[%clk 00:30:56]} {[%emt 00:04:40]} Kxf7 {[%clk 00:46:02]} {[%emt
00:07:26]} 25. Qf5+ {[%clk 00:30:56]} {[%emt 00:00:08]} Kg7 {[%clk 00:46:02]}
{[%emt 00:00:02]} 26. Qxb5 {[%clk 00:30:53]} {[%emt 00:00:13]} Rhf8 {[%clk
00:46:02]} {[%emt 00:00:03]} 27. Qb2+ {[%clk 00:29:37]} {[%emt 00:01:26]} Kg8
{[%clk 00:45:52]} {[%emt 00:00:20]} 28. Rac1 {[%clk 00:29:33]} {[%emt
00:00:14]} Qf7 {[%clk 00:41:00]} {[%emt 00:05:02]} 29. Rc2 {[%clk 00:24:12]}
{[%emt 00:05:31]} Rcd8 {[%clk 00:33:05]} {[%emt 00:08:05]} 30. Qe5 {[%clk
00:19:24]} {[%emt 00:04:57]} Rd5 {[%clk 00:30:40]} {[%emt 00:02:36]} 31. Qg3
{[%clk 00:18:49]} {[%emt 00:00:44]} Qf5 {[%clk 00:26:39]} {[%emt 00:04:12]} 32.
Rc7 {[%clk 00:12:37]} {[%emt 00:06:21]} Rb5 {[%clk 00:23:32]} {[%emt 00:03:18]}
33. h3 {[%clk 00:09:06]} {[%emt 00:03:40]} Rb2 {[%clk 00:22:10]} {[%emt
00:01:33]} 34. a4 {[%clk 00:07:17]} {[%emt 00:02:00]} Qd5 {[%clk 00:17:12]}
{[%emt 00:05:07]} 35. Qg4 {[%clk 00:05:20]} {[%emt 00:02:06]} Rd2 {[%clk
00:13:59]} {[%emt 00:03:25]} 36. e4 {[%clk 00:03:28]} {[%emt 00:02:02]} Qd6
{[%clk 00:12:00]} {[%emt 00:02:10]} 37. Rxb7 {[%clk 00:03:28]} {[%emt
00:00:03]} Qf6 {[%clk 00:11:15]} {[%emt 00:00:55]} 38. Qg3 {[%clk 00:03:20]}
{[%emt 00:00:18]} Rc2 {[%clk 00:10:01]} {[%emt 00:01:24]} 39. Qb3+ {[%clk
00:03:20]} {[%emt 00:00:09]} 1-0